| 000 | 00361nam a2200109Ia 4500 | ||
|---|---|---|---|
| 008 | 171211s9999 xx 000 0 und d | ||
| 245 | _aDrug Stereochemistry: Analytical Methods and Pharmacology | ||
| 245 | _cIrving W. Wainer, Krzysztof Jozwiak, and W. J. Lough | ||
| 260 | _c2012 | ||
| 650 | _xANIMALS | ||
| 856 | _uhttp://down.ebook777.com/043/9781420092387.pdf | ||
| 999 |
_c348473 _d348473 |
||